Νεκρές ψυχές
Αποθηκεύτηκε σε:
| Κύριος συγγραφέας: | |
|---|---|
| Άλλοι συγγραφείς: | |
| Μορφή: | Βιβλίο |
| Γλώσσα: | Greek Russian |
| Δημοσίευση: |
Αθήνα :
Ζαχαρόπουλος,
c1987
|
| Σειρά: | Κλασική λογοτεχνία (Ζαχαρόπουλος)
; 109 |
| Θέματα: | |
| Ετικέτες: |
Προσθήκη ετικέτας
Δεν υπάρχουν, Καταχωρήστε ετικέτα πρώτοι!
|
MARC
| LEADER | 00000cam a2200000 i 4500 | ||
|---|---|---|---|
| 001 | 1/43569 | ||
| 008 | 941103s1987 gr ||| | gre|| | ||
| 035 | |a 1989 |c ΔΩΡΕΑ |l 10042061 | ||
| 040 | |a GR-MyUA |b gre |e AACR2 | ||
| 041 | 1 | |a gre |h rus | |
| 082 | 0 | |a 891.73 | |
| 100 | 1 | |a Gogol, Nikolai Vasilevich, |d 1809-1852. | |
| 245 | 1 | 0 | |a Νεκρές ψυχές / |c Νικολάι Β. Γκόγκολ ; εισαγωγή Π. Αντοκόλσκη ; μετάφραση Ανδρέας Σαραντόπουλος. |
| 260 | |a Αθήνα : |b Ζαχαρόπουλος, |c c1987 | ||
| 300 | |a 496 σ. ; |c 18 εκ. | ||
| 490 | 1 | |a (Κλασική Λογοτεχνία |v ; 109) | |
| 650 | 0 | 0 | |a Russian fiction. |
| 700 | 1 | |a Σαραντόπουλος, Ανδρέας, |e trl | |
| 830 | 0 | |a Κλασική λογοτεχνία (Ζαχαρόπουλος) |v ; 109 | |
| 852 | |a INST |b SAMOS |e 19941103 |h 891.73 GOG |p 005300000404 |q 005300000404 |t BK |y 0 | ||
| 909 | |a Σ |b 000024 | ||